Leopold II's Colonial Ambitions - Statistics

General Stats
  • This quiz has been taken 34 times
  • The average score is 12 of 26
Answers on the Map
Answers color-coded by a green-red scale on the quiz's map according to % correct below.
 
Answer Stats
Answer % Correct
USA
86%
Brazil
72%
India
66%
Indonesia
66%
Argentina
55%
Malaysia
52%
Cuba
48%
Guatemala
45%
Papua New Guinea
45%
Philippines
45%
Suriname
45%
Belize
41%
Bolivia
41%
Guyana
41%
Haiti
41%
Honduras
41%
Madagascar
41%
Paraguay
41%
Columbia
38%
Nicaragua
38%
Algeria
34%
Ethiopia
31%
Mozambique
31%
New Zealand
31%
Guinea
28%
Denmark
14%
No matching quizzes found
Score Distribution
Percent of People with Each Score
Percentile by Number Answered
Your Score History
You have not taken this quiz